[Event "Adygea rapid op"]
[Site "Maikop"]
[Date "2019.05.02"]
[Round "2"]
[White "Dezhurko, Arkadi"]
[Black "Demchenko, Anton"]
[Result "0-1"]
[WhiteElo "2159"]
[BlackElo "2671"]
[PlyCount "63"]
[EventDate "2019.05.02"]
[EventType "swiss (rapid)"]
[EventRounds "9"]
[EventCountry "RUS"]
[SourceTitle "CBM 190 Extra"]
[Source "ChessBase"]
[SourceDate "2019.07.15"]
[SourceVersion "1"]
[SourceVersionDate "2019.07.15"]
[SourceQuality "1"]

1. e4 g6 2. d4 Bg7 3. Nf3 d6 4. Bc4 e6 5. Bg5 Ne7 6. Qd2 h6 7. Be3 Nd7 8. Nc3 a6 9. a4 b6 10. 0-0 Bb7 11. Qe2 0-0 12. Rad1 Qe8 13. Rfe1 Kh8 14. h3 Nf6 15. e5 Nfd5 16. Nxd5 Nxd5 17. Bc1 Qxa4 18. h4 Qc6 19. c3 Ne7 20. Bd3 Nf5 21. Qf1 Qd7 22. h5 Bxf3 23. gxf3 Qe7 24. Qh3 dxe5 25. hxg6 fxg6 26. Bxf5 Rxf5 27. Bxh6 Rh5 28. Bxg7+ Kxg7 29. Qg4 Rg5 30. dxe5 Rxg4+ 31. fxg4 Rd8 32. Kf1 0-1

[Event "Vadsosjakken-A"]
[Site "Vadso"]
[Date "2005.08.27"]
[Round "2"]
[White "Kristensen, Kjell Ole"]
[Black "Dezhurko, Arkadi"]
[Result "0-1"]
[WhiteElo "2012"]
[BlackElo "2120"]
[PlyCount "71"]
[EventDate "2005.08.26"]
[EventType "swiss"]
[EventRounds "5"]
[EventCountry "NOR"]
[SourceTitle "EXT 2007"]
[Source "ChessBase"]
[SourceDate "2006.11.23"]
[SourceVersion "1"]
[SourceVersionDate "2006.11.23"]
[SourceQuality "1"]

1. e4 e5 2. Nf3 Nf6 3. Nxe5 d6 4. Nf3 Nxe4 5. d4 d5 6. Bd3 Bd6 7. 0-0 0-0 8. c4 Bg4 9. h3 Bh5 10. cxd5 f5 11. Nc3 Nd7 12. Be2 Bxf3 13. Bxf3 Qh4 14. Bxe4 fxe4 15. Qg4 Qxg4 16. hxg4 Rae8 17. Re1 Nf6 18. g5 Ng4 19. Rxe4 Bh2+ 20. Kf1 Rxf2+ 21. Ke1 Rxe4+ 22. Nxe4 Rxg2 23. Kf1 Rc2 24. b3 Kf7 25. a4 Kg6 26. Nd2 Bf4 27. Ke2 Rc3 28. Bb2 Re3+ 29. Kf1 Rh3 30. Nc4 Rxb3 31. Bc1 Kxg5 32. Ne5 h5 33. Kg2 Rg3+ 34. Kf1 h4 35. Bxf4+ Kxf4 36. Nxg4 0-1

[Event "Vadsosjakken-A"]
[Site "Vadso"]
[Date "2004.08.28"]
[Round "2"]
[White "Dezhurko, Arkadi"]
[Black "Royset, Pal"]
[Result "1-0"]
[WhiteElo "2120"]
[BlackElo "2232"]
[PlyCount "117"]
[EventDate "2004.08.??"]
[EventType "swiss"]
[EventRounds "5"]
[EventCountry "NOR"]
[SourceTitle "EXT 2005"]
[Source "ChessBase"]
[SourceDate "2004.11.15"]
[SourceVersion "1"]
[SourceVersionDate "2004.11.15"]
[SourceQuality "1"]

1. e4 c5 2. d4 cxd4 3. Nf3 a6 4. Nxd4 Nf6 5. Nc3 e5 6. Nf3 Nc6 7. a3 h6 8. Bc4 d6 9. Be3 Be6 10. Qe2 b5 11. Bxe6 fxe6 12. Nh4 Kf7 13. 0-0 Nd4 14. Qd1 g5 15. Nf3 Nxf3+ 16. Qxf3 Be7 17. Ne2 Rc8 18. c3 Kg6 19. Ng3 Rc4 20. Qe2 Qc7 21. Rfc1 Rc8 22. Bd2 Qb7 23. f3 Bd8 24. Nf1 Bb6+ 25. Be3 a5 26. Qf2 Bxe3 27. Nxe3 R4c6 28. Rd1 Qb6 29. Kh1 b4 30. cxb4 axb4 31. a4 b3 32. Qd2 Nd7 33. Qd3 Nf6 34. a5 Qb4 35. a6 Ra8 36. a7 Nd7 37. Ra3 Nc5 38. Qc4 Qb6 39. g4 Rc7 40. Qc3 Rcxa7 41. Nc4 Qc7 42. Rxd6 Rxa3 43. bxa3 Rxa3 44. Nxe5+ Kh7 45. Rd7+ Qxd7 46. Nxd7 Nxd7 47. Qb2 Ra7 48. Qxb3 Nf8 49. Kg1 Rf7 50. Kf2 Kg7 51. Qb2+ Kg8 52. Qe5 Kh7 53. Ke3 Kg6 54. h4 gxh4 55. f4 Kh7 56. f5 exf5 57. gxf5 h3 58. Qg3 Ra7 59. Kf4 1-0